000 00325nam a2200133Ia 4500
008 240624s9999 xx 000 0 und d
041 _aeng
082 _a005.1 JON
100 _aJONES T CAPERS
245 _aESTIMATING SOFTWARE COSTS
260 _c2005
_aNew Delhi
_bTata McGrawhill
300 _axix, : 724 : p.
365 _cRS
999 _c3215
_d3215